000 00619nam a2200169 i 4500
001 52553
003 ES-MaACL
005 20230906162613.0
007 t|
008 030901s1970 sp ||||1| spa d
100 1 _aDavis, Charles.
_942955
245 1 3 _aLa gracia de Dios en la historia
_b: análisis de la actitud del cristiano ante el mundo secular contemporáneo /
_cCharles Davis : [traducido por Francisco Javier Gil González].
260 _a[Bilbao] :
_bDesclée de Brouwer,
_c[1970]
300 _a105 p. ;
_c20 cm.
700 1 _aGil González, Francisco Javier.
_956825
852 _aES-MaACL
_jC-46968
_bR.72844
999 _c52553
_d52553